Geography Quiz

Random Geography or World Quiz

5-Letter Countries on a Map Quiz Stats

Quiz Updated Jun 2, 2015

Challenge
Share
Tweet
Score 0/24 Timer 04:00
15 Plays Today
% Correct
China
95.3%
India
95.1%
Chile
94.8%
Japan
94.6%
Spain
94.2%
Egypt
93.1%
Italy
92.7%
Nepal
87.1%
Libya
86.3%
Yemen
84.7%
Sudan
83.3%
Haiti
81.1%
% Correct
Niger
80.7%
Malta
80.7%
Syria
79.8%
Qatar
78%
Kenya
77%
Ghana
72.5%
Benin
65.3%
Samoa
63.8%
Gabon
62.1%
Tonga
62%
Palau
61.5%
Nauru
60.6%

You're not logged in!

Compare scores with friends on all Sporcle quizzes.
Join for Free
OR
Log In

You Might Also Like...

Show Comments

Extras

Top Quizzes Today


Score Distribution

Your Account Isn't Verified!

In order to create a playlist on Sporcle, you need to verify the email address you used during registration. Go to your Sporcle Settings to finish the process.

Report this User

Report this user for behavior that violates our Community Guidelines.

Details: